| 000 | 00877nam a2200277Ia 4500 | ||
|---|---|---|---|
| 001 | Para_8534 | ||
| 003 | CHAP | ||
| 008 | 220125s9999 xx 000 0 und d | ||
| 010 | _a207345 | ||
| 040 | _cCHAP | ||
| 082 | _aPA-C 595.752 A6 | ||
| 100 |
_aTakahashi, Ryoichi _9111377 |
||
| 245 |
_aSome Malayan aphididae / _c by Ryoichi Takahashi |
||
| 300 | _a2 p. | ||
| 440 |
_aAphidae; 21 _9173938 |
||
| 500 | _aSobretiro de: The Philippine J. Sc. 21 (5): 41-42, 1922. Encuadernado con otros impresos similares | ||
| 650 |
_a _x Afididos _x Colecciones de escritos _x Afididos _x catalogos y colecciones _9173946 |
||
| 710 |
_aThe Philippine Journal of Science 21 (5) _9173947 |
||
| 901 | _aPA-C 595.752 A6 | ||
| 902 | _aA | ||
| 905 | _a000000 0000000000 00 | ||
| 910 | _a | ||
| 942 | _cPARA | ||
| 942 |
_cPARA _d1 |
||
| 999 |
_c207345 _d207345 |
||